Normal view
MARC view
Entry Personal Name
001 - CONTROL NUMBER
- control field: 2853
003 - CONTROL NUMBER IDENTIFIER
- control field: ARRUPE
005 - DATE AND TIME OF LATEST TRANSACTION
- control field: 20131023170011.0
008 - FIXED-LENGTH DATA ELEMENTS
- fixed length control field: 131023|| aca||aabn | a|a d
040 ## - CATALOGING SOURCE
- Original cataloging agency: ARRUPE
- Transcribing agency: ARRUPE
100 ## - HEADING--PERSONAL NAME
- Personal name: Wagner, Richard,
- Dates associated with a name: 1813-1883
- General subdivision: Criticism and interpretation.
670 ## - SOURCE DATA FOUND
- Source citation: Work cat.: (ARRUPE)0: Lee, M. Owen, 1930- 2852, Wagner :, c1999.